00656nam a2200157Ia 4500008004100000020002200041050001800063245013600081250000700217260002400224300001100248650003200259952009500291952009500386999001700481120626s9999 xx 000 0 und d a978-607-7620-38-9 aHF5686.A2 G87 aGuía de auditoría para evaluaciones fiscales en empresas comerciales e industriales / Instituto Mexicano de Contadores Publicos a15 aMéxico : I.M.C.P. a229 p. a1. EMPRESAS -- AUDITORIAÌ 00104070a09b09d2010-12-21l0oHF5686.A2 G87p09 003795r2012-06-26t1w2012-06-26yLB 00104070a09b09d2010-12-21l0oHF5686.A2 G87p09 003796r2012-06-26t2w2012-06-26yLB c64636d64636